The appreciation of Byzantine art

Αποθηκεύτηκε σε:
Λεπτομέρειες βιβλιογραφικής εγγραφής
Κύριος συγγραφέας: Rice, David Talbot, 1903-1972
Μορφή: Βιβλίο
Γλώσσα:English
Δημοσίευση: London : Oxford University Press, c1972.
Σειρά:Appreciation of the arts ; 7
Θέματα:
Ετικέτες: Προσθήκη ετικέτας
Δεν υπάρχουν, Καταχωρήστε ετικέτα πρώτοι!

MARC

LEADER 00000cam a2200000 i 4500
001 1/21381
008 120627s1972 enk| ||| |||| ||eng||
020 |a 0192119230 
035 |l 10112863 
040 |a GR-MyUa  |b gre  |e AACR2 
041 0 |a eng 
082 7 |a 709.0214   |2 (22) 
100 1 |a Rice, David Talbot,   |d 1903-1972. 
245 1 4 |a The appreciation of Byzantine art /   |c David Talbot Rice.  
260 |a London :   |b Oxford University Press,   |c c1972.  
300 |a 216 σ. :   |b εικ. ;   |c 21 εκ. 
490 1 |a (The appreciation of the arts ;   |v 7) 
504 |a Βιβλιογραφία: σ. 207-212. Ευρετήριο.  
650 0 |a Art, Byzantine. 
830 0 |a Appreciation of the arts ;  |v 7 
852 |a INST  |b SYROS  |e 20120627  |h 709.0214 RIC  |p 005500010366  |q 005500010366  |t BK  |y 0 
901 |a BIBL5-2012-2 
970 |a Κοντού  |b Παρασκευή  |z 27/06/2012